Normal view
MARC view
- العمارة الحديثة
Entry Topical Term
001 - CONTROL NUMBER
- control field: 39326
003 - CONTROL NUMBER IDENTIFIER
- control field: JO-AjAnu
005 - DATE AND TIME OF LATEST TRANSACTION
- control field: 20230606080536.0
008 - FIXED-LENGTH DATA ELEMENTS
- fixed length control field: 230606|| aca||aabn | a|a d
040 ## - CATALOGING SOURCE
- Original cataloging agency: JO-AjAnu
- Transcribing agency: JO-AjAnu
150 ## - HEADING--TOPICAL TERM
- Topical term or geographic name entry element: العمارة الحديثة
670 ## - SOURCE DATA FOUND
- Source citation: Work cat.: (JO-AjAnu)20167: بانهام، رينر تأليف ؛ مهدي، سعاد مترجم , author 39325, عصر أساطين العمارة:وجهة نظر خاصة في العمارة الحديثة